[Event "GER Cup Net Final-C U1600"]
[Site "Playchess.com INT"]
[Date "2020.06.06"]
[Round "3"]
[White "Maly, Wolfgang"]
[Black "Hoffmann, Peter1111"]
[Result "1-0"]
[WhiteElo "1372"]
[BlackElo "1485"]
[PlyCount "47"]
[EventDate "2020.06.06"]
[EventType "swiss (blitz)"]
[EventRounds "13"]
[EventCountry "GER"]
[SourceTitle "CBM 197 Extra"]
[Source "ChessBase"]
[SourceDate "2020.09.30"]
[SourceVersion "1"]
[SourceVersionDate "2020.09.30"]
[SourceQuality "1"]

1. b3 Nf6 2. Bb2 g6 3. e4 d6 4. Nf3 Bg4 5. h3 Bxf3 6. Qxf3 Bg7 7. d3 Nc6 8. Nd2 a6 9. g4 Ne5 10. Bxe5 dxe5 11. Bg2 Qd4 12. 0-0 0-0-0 13. a3 h5 14. b4 hxg4 15. hxg4 Rh4 16. Nb3 Qd7 17. Bh3 Rdh8 18. Kg2 Nxg4 19. Nc5 Qd6 20. Rh1 Kb8 21. Bxg4 Rxh1 22. Rxh1 Rxh1 23. Kxh1 g5 24. Qxf7 1-0

[Event "GER Cup Net V3 U1600"]
[Site "Playchess.com INT"]
[Date "2020.05.27"]
[Round "2"]
[White "Maly, Wolfgang"]
[Black "Radeke, Rico"]
[Result "0-1"]
[WhiteElo "1298"]
[BlackElo "1494"]
[PlyCount "74"]
[EventDate "2020.05.27"]
[EventType "swiss (blitz)"]
[EventRounds "9"]
[EventCountry "GER"]
[SourceTitle "EXT 2021"]
[Source "ChessBase"]
[SourceDate "2020.10.23"]
[SourceVersion "1"]
[SourceVersionDate "2020.10.23"]
[SourceQuality "1"]

1. b3 d6 2. Bb2 Nf6 3. Nf3 c5 4. e3 g6 5. Bb5+ Bd7 6. Bxd7+ Qxd7 7. 0-0 Bg7 8. h3 0-0 9. d4 cxd4 10. exd4 Nc6 11. d5 Nb4 12. c4 Rfc8 13. Bc3 Na6 14. Nbd2 b5 15. Bxf6 Bxf6 16. Rc1 bxc4 17. Nxc4 Rab8 18. Re1 Nc5 19. Rc2 Qd8 20. Rce2 Kf8 21. Nd4 Qd7 22. Nc6 Rxc6 23. dxc6 Qxc6 24. Qd2 Rd8 25. Qh6+ Kg8 26. g4 Bg7 27. Qh4 f6 28. Rxe7 Nd3 29. R1e3 Nf4 30. Qg3 Nd5 31. R3e6 Nxe7 32. Rxe7 d5 33. Qd3 Qc8 34. f4 dxc4 35. Rxg7+ Kxg7 36. Qc3 Qc5+ 37. Kh1 Rd1+ 0-1

[Event "GER-Cup25 E/V03 email"]
[Site "GER email"]
[Date "2015.03.07"]
[Round "?"]
[White "Halfmeier, Hartmut"]
[Black "Maly, Wolfgang"]
[Result "1-0"]
[WhiteElo "1663"]
[BlackElo "1678"]
[PlyCount "31"]
[EventDate "2015.03.18"]
[EventType "tourn (corr)"]
[EventRounds "4"]
[EventCountry "GER"]
[SourceTitle "Corr 2020"]
[Source "ChessBase"]
[SourceDate "2019.09.30"]
[SourceVersion "1"]
[SourceVersionDate "2019.09.30"]
[SourceQuality "1"]

1. e4 Nc6 2. Nf3 f5 3. exf5 d5 4. Bb5 Bxf5 5. Ne5 Qd6 6. d4 Nf6 7. Nc3 Nd7 8. Bf4 Ndxe5 9. Bxe5 Qe6 10. 0-0 0-0-0 11. Re1 Qg6 12. Bg3 Bxc2 13. Qd2 e6 14. Rac1 Bf5 15. Bxc6 bxc6 16. Nb5 1-0

[Event "GER-Cup24 E/V03 email"]
[Site "GER email"]
[Date "2014.10.30"]
[Round "?"]
[White "Pimmingstorfer, Christian"]
[Black "Maly, Wolfgang"]
[Result "1-0"]
[WhiteElo "1563"]
[BlackElo "1678"]
[PlyCount "65"]
[EventDate "2014.11.07"]
[EventType "tourn (corr)"]
[EventRounds "4"]
[EventCountry "GER"]
[SourceTitle "Corr 2020"]
[Source "ChessBase"]
[SourceDate "2019.09.30"]
[SourceVersion "1"]
[SourceVersionDate "2019.09.30"]
[SourceQuality "1"]

1. f4 Nc6 2. Nf3 d5 3. e3 Bf5 4. Bb5 Qd6 5. b3 a6 6. Bxc6+ Qxc6 7. d3 e6 8. 0-0 f6 9. Nd4 Qd7 10. Nxf5 exf5 11. Ba3 Bxa3 12. Nxa3 Qe7 13. Qc1 0-0-0 14. c3 Re8 15. Nc2 Nh6 16. Qd2 g5 17. Rae1 g4 18. b4 Nf7 19. Re2 h5 20. a4 Qd7 21. Ra1 Re7 22. b5 c5 23. bxc6 bxc6 24. Rb1 c5 25. c4 Qc7 26. cxd5 Nd6 27. Na3 Kd7 28. Nc4 Rb8 29. Ree1 Nxc4 30. dxc4 Kd6 31. Qc3 Rf7 32. Qc2 Rxb1 33. Rxb1 1-0

[Event "GER-Cup22 E/V03 email"]
[Site "GER email"]
[Date "2014.05.12"]
[Round "?"]
[White "Maly, Wolfgang"]
[Black "Dox, Daniel Hans"]
[Result "1-0"]
[WhiteElo "1678"]
[BlackElo "1715"]
[PlyCount "21"]
[EventDate "2014.05.19"]
[EventType "tourn (corr)"]
[EventRounds "4"]
[EventCountry "GER"]
[SourceTitle "Corr 2020"]
[Source "ChessBase"]
[SourceDate "2019.09.30"]
[SourceVersion "1"]
[SourceVersionDate "2019.09.30"]
[SourceQuality "1"]

1. b4 e6 2. Bb2 Nf6 3. b5 d5 4. e3 c6 5. c4 Be7 6. Nf3 Nbd7 7. Be2 a6 8. 0-0 axb5 9. cxb5 c5 10. d3 Qb6 11. a4 1-0

[Event "GER-Cup20 E/V03 email"]
[Site "GER email"]
[Date "2013.12.04"]
[Round "?"]
[White "Maly, Wolfgang"]
[Black "Pimmingstorfer, Christian"]
[Result "1-0"]
[WhiteElo "1678"]
[BlackElo "1563"]
[PlyCount "25"]
[EventDate "2013.12.13"]
[EventType "tourn (corr)"]
[EventRounds "4"]
[EventCountry "GER"]
[SourceTitle "Corr 2020"]
[Source "ChessBase"]
[SourceDate "2019.09.30"]
[SourceVersion "1"]
[SourceVersionDate "2019.09.30"]
[SourceQuality "1"]

1. b4 c5 2. bxc5 e5 3. Bb2 Nc6 4. Nf3 e4 5. Nd4 Nf6 6. e3 Bxc5 7. Nf5 0-0 8. Nxg7 Kxg7 9. Qg4+ Kh8 10. Qxe4 d5 11. Qh4 Be7 12. Bd3 Kg8 13. Bxf6 1-0

[Event "GER-Cup20 E/V03 email"]
[Site "GER email"]
[Date "2013.12.04"]
[Round "?"]
[White "Schidzick, Juergen"]
[Black "Maly, Wolfgang"]
[Result "0-1"]
[WhiteElo "1586"]
[BlackElo "1678"]
[PlyCount "56"]
[EventDate "2013.12.13"]
[EventType "tourn (corr)"]
[EventRounds "4"]
[EventCountry "GER"]
[SourceTitle "Corr 2020"]
[Source "ChessBase"]
[SourceDate "2019.09.30"]
[SourceVersion "1"]
[SourceVersionDate "2019.09.30"]
[SourceQuality "1"]

1. d4 Nc6 2. d5 Ne5 3. e4 e6 4. f4 Ng6 5. Nf3 exd5 6. exd5 Bc5 7. f5 Qe7+ 8. Qe2 Qxe2+ 9. Bxe2 N6e7 10. Nbd2 Nxd5 11. Nb3 Be3 12. Bxe3 Nxe3 13. Kd2 Nxf5 14. Rae1 c6 15. g4 Nfe7 16. g5 Ng6 17. h4 h5 18. Bd3+ N6e7 19. Nbd4 d6 20. Nf5 Bxf5 21. Bxf5 Kd8 22. Bh3 Ng6 23. Re4 N8e7 24. Rhe1 Re8 25. Nd4 Ne5 26. Kc3 g6 27. Kb3 a6 28. c4 Nd3 0-1

[Event "GER Cup19 E/V04 email"]
[Site "GER email"]
[Date "2013.04.01"]
[Round "?"]
[White "Kaufmann, Michael"]
[Black "Maly, Wolfgang"]
[Result "1/2-1/2"]
[WhiteElo "1879"]
[BlackElo "1678"]
[PlyCount "81"]
[EventDate "2013.04.08"]
[EventType "tourn (corr)"]
[EventRounds "4"]
[EventCountry "GER"]
[SourceTitle "Corr 2015"]
[Source "ChessBase"]
[SourceDate "2015.07.17"]
[SourceVersion "1"]
[SourceVersionDate "2015.07.17"]
[SourceQuality "1"]

1. c4 e5 2. Nc3 Nf6 3. g3 Bb4 4. Bg2 0-0 5. a3 Bxc3 6. bxc3 d6 7. d4 h6 8. e4 c5 9. d5 Nbd7 10. Ne2 Nh7 11. 0-0 Nb6 12. Qb3 f5 13. f4 exf4 14. Bxf4 fxe4 15. Bxe4 Ng5 16. Bd3 Bg4 17. Qb1 Bxe2 18. Bxe2 Nh3+ 19. Kg2 Nxf4+ 20. gxf4 Qf6 21. Qd3 Rae8 22. Bh5 Re7 23. Bg4 Rfe8 24. Be6+ Kh8 25. f5 Qh4 26. Qg3 Qxg3+ 27. hxg3 Nxc4 28. Rf2 Rf8 29. Rf4 Ne5 30. Rh1 Rf6 31. g4 g5 32. Re4 Kg7 33. Rhe1 Nxg4 34. Rxg4 Rxf5 35. Rge4 Rf8 36. Bg4 Rc7 37. Re7+ Rxe7 38. Rxe7+ Rf7 39. Rxf7+ Kxf7 40. c4 Kf6 41. Kf3 1/2-1/2

[Event "GER-Cup14 E/V05 email"]
[Site "GER email"]
[Date "2012.08.28"]
[Round "?"]
[White "Maly, Wolfgang"]
[Black "Pibernik, Dario"]
[Result "1-0"]
[WhiteElo "1678"]
[BlackElo "1410"]
[PlyCount "91"]
[EventDate "2012.09.05"]
[EventType "tourn (corr)"]
[EventRounds "4"]
[EventCountry "GER"]
[SourceTitle "Corr 2015"]
[Source "ChessBase"]
[SourceDate "2015.07.17"]
[SourceVersion "1"]
[SourceVersionDate "2015.07.17"]
[SourceQuality "1"]

1. b4 d5 2. Bb2 Nf6 3. e3 e6 4. b5 c5 5. Nf3 Bd6 6. c4 Nbd7 7. Be2 0-0 8. 0-0 b6 9. a4 Bb7 10. a5 bxa5 11. cxd5 exd5 12. Qa4 Bc7 13. Bc3 a6 14. Bxa5 axb5 15. Qxb5 Ba6 16. Bxc7 Bxb5 17. Bxd8 Rxa1 18. Bxf6 Rxb1 19. Rxb1 Bxe2 20. Be7 Re8 21. Bd6 f6 22. Rb7 Bxf3 23. gxf3 Ne5 24. Bxe5 Rxe5 25. d3 Rg5+ 26. Kf1 Rh5 27. Rb5 Rxh2 28. Rxc5 Rh3 29. Rxd5 Kf7 30. Kg2 Rh4 31. Rd7+ Kg6 32. d4 Rh5 33. e4 Rb5 34. d5 h5 35. d6 Re5 36. Rxg7+ Kxg7 37. d7 Rg5+ 38. Kh2 f5 39. d8Q Kh6 40. Qf6+ Rg6 41. Qxf5 Rg7 42. Qf6+ Kh7 43. Qxg7+ Kxg7 44. Kh3 Kg6 45. Kh4 Kh6 46. f4 1-0

[Event "GER-Cup14 E/V05 email"]
[Site "GER email"]
[Date "2012.08.28"]
[Round "?"]
[White "Mark, Thomas"]
[Black "Maly, Wolfgang"]
[Result "0-1"]
[WhiteElo "1152"]
[BlackElo "1678"]
[PlyCount "52"]
[EventDate "2012.09.05"]
[EventType "tourn (corr)"]
[EventRounds "4"]
[EventCountry "GER"]
[SourceTitle "Corr 2020"]
[Source "ChessBase"]
[SourceDate "2019.09.30"]
[SourceVersion "1"]
[SourceVersionDate "2019.09.30"]
[SourceQuality "1"]

1. c4 e5 2. Nc3 Nf6 3. Nf3 Nc6 4. g3 Bb4 5. Bg2 0-0 6. 0-0 Bxc3 7. bxc3 d6 8. d3 e4 9. Nd4 exd3 10. Qxd3 Ne5 11. Qb1 c5 12. Nf3 Nxc4 13. Qd3 Nb6 14. Bf4 d5 15. Rfd1 h6 16. Be3 Qe7 17. Kf1 Re8 18. Re1 Ng4 19. Bd2 Bd7 20. h3 Nf6 21. Qc2 Ne4 22. Be3 Nxg3+ 23. fxg3 Qxe3 24. Rab1 Bc6 25. Qc1 Qe6 26. Kf2 Nc4 0-1

[Event "GER S3G2 enginefrei email"]
[Site "GER email"]
[Date "2012.01.27"]
[Round "?"]
[White "Maly, Wolfgang"]
[Black "Kaufmann, Michael"]
[Result "0-1"]
[WhiteElo "1678"]
[BlackElo "1868"]
[PlyCount "48"]
[EventDate "2012.02.07"]
[EventType "tourn (corr)"]
[EventRounds "6"]
[EventCountry "GER"]
[SourceTitle "Corr 2015"]
[Source "ChessBase"]
[SourceDate "2015.07.17"]
[SourceVersion "1"]
[SourceVersionDate "2015.07.17"]
[SourceQuality "1"]
[WhiteTeam "Germany"]
[BlackTeam "Latvia"]
[WhiteTeamCountry "GER"]
[BlackTeamCountry "LAT"]

1. b4 e5 2. Bb2 Bxb4 3. Bxe5 Nf6 4. c4 0-0 5. e3 d5 6. cxd5 Nxd5 7. Nf3 Bg4 8. h3 Bh5 9. g4 Bg6 10. Be2 c5 11. 0-0 Nc6 12. d4 Bxb1 13. Qxb1 Nc3 14. Qd3 Nxe2+ 15. Qxe2 Nxe5 16. Nxe5 cxd4 17. Rab1 Bd6 18. exd4 b6 19. f4 Re8 20. Qc4 Bxe5 21. dxe5 Rc8 22. Qe4 Qc7 23. Qe3 Qc2 24. Qe2 Qxe2 0-1

[Event "GER-Cup10 E/V02 email"]
[Site "GER email"]
[Date "2011.10.11"]
[Round "?"]
[White "Kettl, Hans Peter"]
[Black "Maly, Wolfgang"]
[Result "1-0"]
[WhiteElo "1557"]
[BlackElo "1678"]
[PlyCount "65"]
[EventDate "2011.10.20"]
[EventType "tourn (corr)"]
[EventRounds "4"]
[EventCountry "GER"]
[SourceTitle "Corr 2015"]
[Source "ChessBase"]
[SourceDate "2015.07.17"]
[SourceVersion "1"]
[SourceVersionDate "2015.07.17"]
[SourceQuality "1"]
[WhiteTeam "Germany"]
[BlackTeam "Germany"]
[WhiteTeamCountry "GER"]
[BlackTeamCountry "GER"]

1. d4 Nf6 2. c4 e6 3. Nc3 Bb4 4. Qc2 Nc6 5. Nf3 d6 6. Bg5 h6 7. Bd2 0-0 8. a3 Bxc3 9. Bxc3 b6 10. e4 d5 11. cxd5 exd5 12. e5 Ne4 13. Bd3 Nxc3 14. bxc3 Bg4 15. Qe2 Bxf3 16. Qxf3 Ne7 17. 0-0 Qd7 18. Bc2 f5 19. Rfe1 Qe6 20. Rad1 Rad8 21. Qd3 a5 22. Re2 g5 23. Rde1 Rf7 24. Re3 f4 25. R3e2 Rdf8 26. f3 Rg7 27. Bb3 c6 28. Rb1 Ra8 29. c4 Kh8 30. Ba2 Rb8 31. Reb2 Nc8 32. cxd5 cxd5 33. Rb5 1-0